| 000 | 02005nam a22002777a 4500 | ||
|---|---|---|---|
| 003 | OSt | ||
| 005 | 20260701161522.0 | ||
| 008 | 231005s2015 ag ||||| |||| 00| 0 spa d | ||
| 020 | _a9789871652068 | ||
| 040 | _cbesoc | ||
| 245 |
_aTinta Negra 1 : _bCuentos policiales / _cPoe ... [et al.] |
||
| 260 |
_aBuenos Aires : _bLa Estación, _c2015 |
||
| 300 | _a175 p. | ||
| 505 | 1 | _aBienvenidos a la estación de Tinta negra 1 -- La carta robada / Edgar Allan Poe -- Un caso de identidad / Sir Arthur Conan Doyle -- Los tres instrumentos de la muerte / Gilbert Keith Chesterton -- Simbiosis / Rodolfo Walsh -- La pesca / Velmiro Ayala Gauna -- Una Hora / Dashiell Hammett -- Nido de avispas / Agatha Christie -- Por amor a la señorita Blandish / Ramón Díaz Eterovic -- Trabajos en la estación -- Cuadros de movimientos literarios.- | |
| 520 | _aOtra antología de cuentos policiales. Porque la literatura siempre encuentra el camino de sus lectores, y la repetición es parte de la norma. Repetición e innovación, son los extremos del péndulo. Repetir, copiar modelos, seguir pautas y estilos. Innovar, crear, cambiar, romper el molde. Quizá sea el género policial el que más claramente sigue estos principios. En esta antología nos propusimos dar a conocer a los jóvenes lectores las leyes y preceptos del género, las bases sobre las que se asienta una tradición que no ha perdido seguidores con el pasar de los años, sino que los ha ganado en los nuevos formatos que la ficción propone. K.E. | ||
| 650 | 7 |
_aLiteratura _vCuentos policiacos _2embne |
|
| 700 | 1 |
_aPoe, Edgar Alan _d1809-1849 _eautor |
|
| 700 | 1 |
_aDoyle, Arthur Conan, _d1859-1930 _eautor |
|
| 700 | 1 |
_aChesterton, Gilbert Keith _d1874-1936 _eautor |
|
| 700 | 1 |
_aWalsh, Rodolfo, _d1927-1977 _eautor |
|
| 700 | 1 |
_aAyala Gauna, Velmiro _d1905-1967 _eautor |
|
| 700 | 1 |
_aHammett, Dashiell _eautor _d1894-1961 |
|
| 700 | 1 |
_aChristie, Ágata _d1890-1976 _eautor |
|
| 700 | 1 |
_aDiaz Eterovic, Ramon _d1956- _eautor |
|
| 942 |
_2udc _cOG _n0 |
||
| 999 |
_c101 _d101 |
||